La deconstrucción del mito edénico y el discurso de la identidad nacional, en Tanda de cuatro con Laura de Carlos Cortés /
Analiza la deconstrucción del mito edénico y su relación con el discurso de identidad nacional, en el texto Tanda de cuatro con Laura de Carlos Cortés. Se analiza la constitución del espacio urbano narrativo como reconstitución mítica, a partir de la imagen del axis mundi. Y los vínculos de parentes...
Guardat en:
| Autor principal: | |
|---|---|
| Format: | Llibre |
| Idioma: | Spanish |
| Publicat: |
Cartago, Costa Rica :
Instituto Tecnológico de Costa Rica,
1997.
|
| Matèries: | |
| Accés en línia: | http://www.tec-digital.itcr.ac.cr/servicios/ojs/index.php/comunicacion/article/download/1610/1479 |
| Etiquetes: |
Afegir etiqueta
Sense etiquetes, Sigues el primer a etiquetar aquest registre!
|
MARC
| LEADER | 00000nam a22000007a 4500 | ||
|---|---|---|---|
| 008 | 141002s2013 cr ||||| |||| 00| b spa d | ||
| 022 | |a 0379-3974 | ||
| 040 | |a CIICLA | ||
| 082 | |a Revista Comunicación | ||
| 100 | 1 | |a Montero Rodríguez, Shirley | |
| 245 | 1 | 3 | |a La deconstrucción del mito edénico y el discurso de la identidad nacional, en Tanda de cuatro con Laura de Carlos Cortés / |c Shirley Montero Rodríguez |
| 260 | |a Cartago, Costa Rica : |b Instituto Tecnológico de Costa Rica, |c 1997. | ||
| 300 | |a páginas 13-25 | ||
| 520 | |a Analiza la deconstrucción del mito edénico y su relación con el discurso de identidad nacional, en el texto Tanda de cuatro con Laura de Carlos Cortés. Se analiza la constitución del espacio urbano narrativo como reconstitución mítica, a partir de la imagen del axis mundi. Y los vínculos de parentesco y el carácter simbólico del sacrificio humano. Así la configuración de los ejes espacio-personajes de la novela posibilita una nueva lectura de la narrativ urbana costarricense de inicios de siglo XXI. | ||
| 600 | 1 | 4 | |a CORTES ZÚÑIGA, CARLOS |d 1962- |t TANDA DE CUATRO CON LAURA |
| 650 | 7 | |9 76 |a LITERATURA COSTARRICENSE |v NOVELA | |
| 773 | 0 | |g Volumen 22, año 34, no. 2, Julio-Diciembre, 2013 |q páginas 13-25 |t Revista Comunicación | |
| 856 | |u http://www.tec-digital.itcr.ac.cr/servicios/ojs/index.php/comunicacion/article/download/1610/1479 | ||
| 942 | |2 ddc |c ARC | ||
| 999 | |c 3541 |d 3541 | ||
